| 000 | 00566nam a22001937a 4500 | ||
|---|---|---|---|
| 001 | 00028167 | ||
| 005 | 20260211110632.0 | ||
| 008 | 260211b ag ||||| |||| 00| 0 spa d | ||
| 022 | _a03275574 | ||
| 040 |
_bspa _cAR-CcCEOS |
||
| 080 | _a982Rosas | ||
| 090 | _bINS Nº46 | ||
| 100 | 2 |
_aInstituto de Investigaciones Históricas Juan Manuel de Rosas _9459 |
|
| 245 |
_aREVISTA del Instituto de Investigaciones Históricas : _bJUAN MANUEL DE ROSAS |
||
| 260 |
_aBuenos Aires, _c1997. |
||
| 300 |
_a256 p. ; _c23x15 cm. |
||
| 650 | 0 | _ahistoria | |
| 942 |
_2udc _cBK |
||
| 999 |
_c28181 _d28181 |
||
| 945 |
_a66467 _bMelina Rolando _c66467 _dMelina Rolando |
||